000 00697cab a2200217 4500
001 ABS57452
008 090401t xxu||||| |||| 00| 0 eng d
035 _a(Sirsi) u80357
041 _aeng
100 _aAshworth, G.
245 _aConservation as Preservation or as Heritage: two paradigms and two answers
350 _a0
490 _aThe Built Environment
_v23(2), 92-102(11)
520 _aExamines issues raised by `preservation` or `heritage` and explores conservation as a planning activity allied with place management. References.
650 _aHERITAGE
650 _aHISTORIC BUILDINGS
650 _aPRESERVATION
690 _aCONSERVATION
942 _n0
948 _c20/08/1997
999 _c50612
_d50612